Historia Natural y Ciencias Agropecuarias : (Registro nro. 8263)

Detalles MARC
000 -CABECERA
Campo de control 00781nam a22002417a 4500
005 - FECHA Y HORA DE LA ULTIMA TRANSACCION
Campo de control 20161102020002.0
008 - ELEMENTOS DE LONGITUD FIJA—INFORMACION GENERAL
Campo de control 140311b1993 ck |||||r||||o00| 0 spa d
020 ## - ISBN
ISBN 9037143
041 ## - IDIOMA
Código de idioma para texto/pista de sonido o título separado Español
044 ## - PAÍS DE PUBLICACIÓN
País de publicación Colombia
082 ## - NUMERO DE CLASIFICACION DECIMAL DEWEY
Número de clasificación 558.0986
Número del ítem R43h
100 10 - ASIENTO PRINCIPAL--NOMBRE PERSONAL
Nombre personal Restrepo-Forero, Olga
245 10 - MENCION DE TITULO
Título Historia Natural y Ciencias Agropecuarias :
Parte restante del título Tomo III
Mención de responsabilidad Olga Restrepo, Lusi Carlos Arboleda y Jesus Bejarano
260 ## - PUBLICACION, DISTRIBUCION, ETC. (PIE DE IMPRENTA)
Lugar de publicación, distribución, etc. Bogotá
Nombre del editor, distribuidor, etc. Colciencias
Fecha de publicación, distribución, etc. 1993
300 ## - DESCRIPCION FISICA
Extensión 459 p.
Dimensiones 23 cm.
490 ## - MENCION DE SERIE
Mención de serie Historia Social de la Ciencia en Colombia
Designación numérica/secuencial del volumen Tomo 3
650 #6 - ASIENTO SECUNDARIO DE MATERIA - TERMINO TEMATICO
Término temático o nombre geográfico como elemento de entrada Historia natural
650 #6 - ASIENTO SECUNDARIO DE MATERIA - TERMINO TEMATICO
Término temático o nombre geográfico como elemento de entrada Origen de la vida
650 #6 - ASIENTO SECUNDARIO DE MATERIA - TERMINO TEMATICO
Término temático o nombre geográfico como elemento de entrada Agricultura
Subdivisión geográfica Colombia
700 1# - ASIENTO SECUNDARIO - NOMBRE PERSONAL
Nombre personal Arboleda, Luis Carlos
700 1# - ASIENTO SECUNDARIO - NOMBRE PERSONAL
Nombre personal Bejarano, Jesús
942 ## - ELEMENTOS ADICIONALES (KOHA)
Sistema de clasificación Dewey Decimal Classification
Tipo de ítem Impreso
Koha issues (borrowed), all copies 7
Existencias
Withdrawn status Lost status Sistema de Clasificación Damaged status No para préstamo Colección Inventariado Ubicación Permanente Ubicación actual Fecha de adquisición Fuente de Valor Valor Total Checkouts Total Renewals Número topográfico Inventario / Código de Barras Date last seen Date checked out Ejemplar Price effective from Forma de adquisición Tipo de material
    Dewey Decimal Classification     General Inventariado 2017 Bogotá Bogotá 11/03/2014 Instituto 39000.00 7 5 LB-558.0986 R43h 059951 23/11/2016 01/11/2016 Ej. 1 11/03/2014   Libro